=LDR 00000nam 2200000 4500 =001 INLIS000000000007180 =005 20251124094144 =035 ##$$a 0010-1125001054 =007 ta =008 251124###########################0#ind## =082 ##$$a 363.96 =084 ##$$a 363.96 BAD p =245 1#$$a Pokok-pokok Arahan Menteri Negara Kependudukan/Kepala BKKBN Pada Peremuan Penjelasan Tentang Inpres No 3 Tahun 1996 : $b - /$c Badan Koordinasi Keluarga Berencana Nasional =260 ##$:$b Badan Koordinasi Keluarga Berencana Nasional =300 ##$$a 2 hal : $b - ; $c 21 cm =650 #4$$a Keluarga Berencana =110 #$$a Badan Koordinasi Keluarga Berencana Nasional =856 ##$$a Perpustakaan Kemendukbangga